| 000 | 00702cam a2200253ua 4500 | ||
|---|---|---|---|
| 001 | 4282 | ||
| 005 | 20260515113818.0 | ||
| 008 | 150804n ii |||gr||||Z||||||asm | ||
| 020 | _a978-81-920585-0-4 | ||
| 040 | _cMAIN | ||
| 041 | _aasm | ||
| 082 | _a338.5 | ||
| 100 | _aBaruah, Minoti Kumar, | ||
| 245 |
_aByastigata arthanoitik tattwa (1st semester) _cby Minoti Gogoi Baruah |
||
| 250 | _a1st. | ||
| 260 |
_aDibrugarh: _bBanalata, _c2011. |
||
| 300 |
_a276p: _c25cm. |
||
| 653 | _aMicro economics | ||
| 653 | _aByastigata arthanoitik tattwa (1st semester) | ||
| 700 | _aBharali, Ranju Kumar, | ||
| 700 | _aBuragohain, Pranjal Pratim, | ||
| 700 | _aHazarika, Bidisha Mahanta, | ||
| 942 | _cBK | ||
| 999 |
_c4099 _d4099 |
||